01297nam a2200301Ia 4500001001200000003000800012006001900020007001500039008004100054020002200095020002500117020002600142040002100168035002100189050002600210100002900236245015600265260004700421300002000468504005100488533015200539650005700691650004600748655002900794700002900823710001700852856012600869ebr10696156CaPaEBRm u cr cn|||||||||120522s2012 enka sb 001 0 eng d z1904380786 (pbk.) z9781904380788 (pbk.) z9781908162120 (ebook) aCaPaEBRcCaPaEBR a(OCoLC)84333235814aPE1405.G7bC76 2012eb1 aCrowley, Michael,d1959-10aBehind the linesh[electronic resource] :bcreative writing with offenders and people at risk /cMichael Crowley ; with a foreword by David Ramsbotham. aHook, Hampshire :bWaterside Press,c2012. a254 p. :bill.  aIncludes bibliographical references and index. aElectronic reproduction.bPalo Alto, Calif. :cebrary,d2013.nAvailable via World Wide Web.nAccess may be limited to ebrary affiliated libraries. 0aCreative writingxStudy and teachingzGreat Britain. 0aCriminalsxRehabilitationzGreat Britain. 7aElectronic books.2local1 aRamsbotham, David,cSir.2 aebrary, Inc.40uhttp://site.ebrary.com/lib/rucke/Doc?id=10696156zAn electronic book accessible through the World Wide Web; click to view